|
|
|
|
| LEADER |
00000nab a2200000 a 4500 |
| 001 |
vtls000618368 |
| 003 |
SK-MaSNL |
| 005 |
20260304084144.0 |
| 008 |
250425c1996 xo 0 slo |
| 015 |
|
|
|a SNBRB19rr/mm-uuuuu
|
| 035 |
|
|
|a CL0618507
|
| 035 |
|
|
|a urn:nbn:sk:snk-ab76zs
|
| 035 |
|
|
|a (uuid)f68dbf32-edc8-4f29-bdbf-ab276eb8d958
|
| 035 |
|
|
|a (urnnbn)urn:nbn:sk:snk:ar-a072l7
|
| 035 |
|
|
|a (sysno)vtls000618368
|
| 040 |
|
|
|a SNKBUCL
|b slo
|c SNKBUCL
|e AACR2
|
| 041 |
0 |
|
|a slo
|
| 044 |
|
|
|a xo
|c SK
|
| 080 |
|
|
|a 373.3:654.93
|2 1981
|
| 080 |
|
|
|a 654.93
|2 1981
|
| 100 |
1 |
|
|a Sopčák, Ľ.
|4 aut
|9 1225144
|
| 245 |
1 |
0 |
|a Internet na ZŠ v Divine
|c Ľ. Sopčák
|
| 650 |
0 |
7 |
|a Základná škola, Divin
|2 snkbucl
|9 1376195
|
| 650 |
0 |
7 |
|a Európsky školský projekt
|2 snkbucl
|9 998517
|
| 650 |
0 |
7 |
|a internet
|2 snkbucl
|9 1833
|
| 655 |
|
7 |
|a články z novín a časopisov
|2 snkbucl
|9 267496
|
| 773 |
0 |
|
|t Pedagogické spektrum
|g Roč. 5, č. 9-10 (1996), s. 84-87
|
| 850 |
|
|
|a Slovenská národná knižnica
|
| 852 |
|
|
|a Slovenská národná knižnica
|
| 954 |
|
|
|a odborná, vedecká literatúra pôvodná (slovenská)
|2 lita
|
| 958 |
|
|
|a article27
|
| 958 |
|
|
|a NX
|
| 958 |
|
|
|a RK
|
| 958 |
|
|
|a OND
|
| 958 |
|
|
|a EUIPO
|
| 999 |
|
|
|c 2802178
|d 2804108
|